Breaking the mold : (Record no. 3133)

MARC details
000 -LEADER
fixed length control field 00738nam a2200241 a 4500
001 - CONTROL NUMBER
control field 994248
003 - CONTROL NUMBER IDENTIFIER
control field GBCCL
005 - DATE AND TIME OF LATEST TRANSACTION
control field 20241126110447.0
008 - FIXED-LENGTH DATA ELEMENTS--GENERAL INFORMATION
fixed length control field 860403s1985 gaua 000 0 eng
010 ## -
-- 86139925
020 ## - INTERNATIONAL STANDARD BOOK NUMBER
International Standard Book Number 18002231694
040 ## - CATALOGING SOURCE
Original cataloging agency DLC
Transcribing agency DLC
Modifying agency DLC
050 00 -
-- BV652.24
-- .T53 1985
082 00 - DEWEY DECIMAL CLASSIFICATION NUMBER
Classification number 254.5
Edition information 19
Item number TIN
100 1# - MAIN ENTRY--PERSONAL NAME
Personal name Tinsley, William C.
9 (RLIN) 6481
245 10 - TITLE STATEMENT
Title Breaking the mold :
Remainder of title church planting in the 21st century /
Statement of responsibility, etc. by William C. Tinsley.
260 ## - PUBLICATION, DISTRIBUTION, ETC.
Place of publication, distribution, etc. Dallas :
Name of publisher, distributor, etc. Creative church consultations,
Date of publication, distribution, etc. c1996.
300 ## - PHYSICAL DESCRIPTION
Extent 124 p. :
Other physical details ill. ;
Dimensions 23 cm.
650 #0 - SUBJECT ADDED ENTRY--TOPICAL TERM
Topical term or geographic name entry element Church development, New.
9 (RLIN) 42
650 #0 - SUBJECT ADDED ENTRY--TOPICAL TERM
Topical term or geographic name entry element Church growth.
9 (RLIN) 291
906 ## - LOCAL DATA ELEMENT F, LDF (RLIN)
a 7
b cbc
c orignew
d 3
e ncip
f 19
g y-gencatlg
942 ## - ADDED ENTRY ELEMENTS (KOHA)
Source of classification or shelving scheme Dewey Decimal Classification
Koha item type Books
Koha issues (borrowed), all copies 7
Holdings
Withdrawn status Lost status Source of classification or shelving scheme Damaged status Not for loan Home library Current Library Shelving location Date acquired Total checkouts Total renewals Full call number Barcode Date last seen Date last checked out Copy number Price effective from Koha item type
    Dewey Decimal Classification     GRACE BIBLE COLLEGE GRACE BIBLE COLLEGE Ministry & Mission 2017-11-06 5 1 254.5 TIN 008113 2025-09-29 2025-09-23 c.2 2017-11-06 Books
    Dewey Decimal Classification     GRACE BIBLE COLLEGE GRACE BIBLE COLLEGE Ministry & Mission 2017-11-22 3   254.5 TIN 008112 2025-05-01 2020-03-20 c.1 2017-11-22 Books
© Grace Bible College Library 2025